| Tag |
First Indicator |
Second Indicator |
Subfields |
| LEADER |
00000cam a2200000 a 4500 |
| 001 |
in00000981069 |
| 005 |
20150927113620.0 |
| 008 |
890112s1987 sp b 00010bspa d |
| 020 |
|
|
|a 8476790228 (set)
|
| 020 |
|
|
|a 8476790791 (v.)
|
| 035 |
|
|
|a (OCoLC)19011307
|
| 035 |
|
|
|9 AEW7066AM
|
| 040 |
|
|
|a NOC
|c NOC
|d UtOrBLW
|
| 049 |
|
|
|a TXAM
|
| 090 |
|
|
|a E125.P7
|b B32 1987
|
| 100 |
1 |
|
|a Ballesteros Gaibrois, Manuel.
|
| 245 |
1 |
0 |
|a Juan Ponce de León /
|c Manuel Ballesteros.
|
| 264 |
|
1 |
|a Madrid :
|b Historia 16 :
|b Quorum,
|c 1987.
|
| 300 |
|
|
|a 157 pages ;
|c 20 cm.
|
| 336 |
|
|
|a text
|b txt
|2 rdacontent
|
| 337 |
|
|
|a unmediated
|b n
|2 rdamedia
|
| 338 |
|
|
|a volume
|b nc
|2 rdacarrier
|
| 490 |
1 |
|
|a Protagonistas de América
|
| 504 |
|
|
|a Bibliography: pages 151-152.
|
| 600 |
1 |
0 |
|a Ponce de León, Juan,
|d 1460?-1521.
|
| 651 |
|
0 |
|a Puerto Rico
|x Governors
|x Biography.
|
| 650 |
|
0 |
|a Explorers
|z Spain
|v Biography.
|
| 830 |
|
0 |
|a Protagonistas de América.
|
| 999 |
|
|
|a MARS
|
| 999 |
f |
f |
|s 9a9dd631-3530-3d1b-88d9-990962f66511
|i 865f46f9-fc77-3028-b0e1-3579581a88e1
|t 0
|
| 952 |
f |
f |
|p ric
|a Texas A&M University
|b Rellis Campus
|c Joint Library Facility
|d Remote Storage
|t 0
|e E125.P7 B32 1987
|h Library of Congress classification
|i unmediated -- volume
|m A14815058413
|
| 998 |
f |
f |
|a E125.P7 B32 1987
|t 0
|l Remote Storage
|